000 00720nam a22002057a 4500
005 20170213173308.0
010 _aENG-117236
020 _a9789386062307
_c750.00
035 _aEN-100768
037 _bDBAD/PUB
082 0 0 _a370.91732
100 1 _aJaberi, Jelani
245 1 0 _aExpecting excellence in Urban School :
_cby Jeelani Jaberi ; foreword by Marcial L. Tate
_bengaging the hearts and souls of learners /
260 _a New Delhi
_bSAGE Publications,
_c2017
270 _aB1/I-1 Mohan Cooperative Industrial Area, Mathura Road
_b New Delhi
_e110044
300 _axii,112p.
_c23 cm.(pbk)
504 _aIncludes index.
700 _a L. Tate, Marcial
942 _2ddc
_cEN
_h370.91732
_mJAB
999 _c137579
_d137579